00952nam a2200229 i 4500003000900000005001700009007000300026008004100029040003000070082000700100245019500107264004500302300002600347336002700373337003300400338002800433590002800461910000700489942001300496952019600509999001700705DO-SdBNP20240916150742.0ta240916s1922 dr 000 0 spa d aDO-SdBNPbspacBNPHUerda 22200aMemorándum :bdel entendido de evacuación de la República Dominicana por las fuerzas militares de los Estados Unidos de América, concertado en Washington, D. C. en junio 30 de 1922 / aSanto Domingo :bImprenta Listin,c1922. a25 paginas. ;c25 cm. 2rdacontentatextobtxt 2rdamediaasin mediaciónbn 2rdacarrieravolumenbnc aInventariado, 2024 / YL aDG 2ddccLF2 00102ddc51708DS-FRVaBNPHUbBNPHUcCTd1972-09-01eDonación l0o BNPHU F-PDp2024-5367r2024-09-16w2024-09-16yLF2zPerteneció a la biblioteca personal de Carlos Larrazábal Blanco c57698d57698